From trapper to tourist in Jackson Hole.

Bibliographic Details
Main Author: Hayden, Elizabeth Wied
Format: Book
Language:English
Published: [Place of publication not identified], [publisher not identified] ; [1957]
Subjects:

MARC

Tag First Indicator Second Indicator Subfields
LEADER 00000cam a2200000 4500
001 in00000258751
005 20151010054905.0
008 790803s1957 xx a 00000 eng d
010 |a  61039258  
035 |a (OCoLC)05235638 
035 |9 ABC9154AM 
040 |a TXA  |c TXA  |d UtOrBLW 
049 |a TXAS  |c [382327] 
090 |a F767.T28  |b H3 
100 1 |a Hayden, Elizabeth Wied. 
245 1 0 |a From trapper to tourist in Jackson Hole. 
264 1 |a [Place of publication not identified],  |b [publisher not identified] ;  |c [1957] 
300 |a 47 pages :  |b illustrations 
336 |a text  |b txt  |2 rdacontent 
337 |a unmediated  |b n  |2 rdamedia 
338 |a volume  |b nc  |2 rdacarrier 
651 0 |a Teton County (Wyo.)  |x History. 
651 0 |a Grand Teton National Park (Wyo.) 
999 |a MARS 
999 f f |s 68cf27b5-8155-322b-aac8-e888e23d34a5  |i 88e3b35e-1c26-3e6b-baca-d68caa29fea8  |t 0 
952 f f |p noncirc  |a Texas A&M University  |b College Station  |c Cushing Memorial Library & Archives  |d Cushing: Dykes (Does not check out)  |t 0  |e F767.T28 H3  |h Library of Congress classification  |i unmediated -- volume  |m A14851728726 
998 f f |a F767.T28 H3  |t 0  |l Cushing: Dykes (Does not check out)